| 000 | 01220nam a2200373 a 4500 | ||
|---|---|---|---|
| 001 | 22957 | ||
| 003 | SK-KTurca | ||
| 005 | 20260513075734.0 | ||
| 008 | 240314s2000 xo a r slo | ||
| 015 | _aSNBA2001/06-01933 | ||
| 020 | _a8071454001 | ||
| 035 | _aSNK000364655 | ||
| 035 | _aurn:nbn:sk:snk-amk4zk | ||
| 035 | _aurn:nbn:sk:snk-am004wtk | ||
| 035 | _a98E5FEE3-B8BE-4764-8D75-C1F4D4DC6BB1 | ||
| 040 |
_aSNK _bslo _cSNK _eAACR2 |
||
| 041 | 0 | _aslo | |
| 044 |
_axo _cSK |
||
| 080 |
_a745.9(084.12) _21981 |
||
| 100 | 1 |
_aHillier, Malcolm _4aut |
|
| 240 | 1 | 0 |
_aFlower arranging _lSlovensky |
| 245 | 1 | 0 |
_aAranžovanie kvetín _bpraktická ilustrovaná príručka _c[text Malcolm Hillier a Dorling Kindersley ; z anglického originálu preložila Dagmar Šťastná] |
| 260 |
_aBratislava _bSlovart _c2000 |
||
| 300 |
_a240 s. _bfotogr., sch. _c22 cm |
||
| 500 | _aFotogr. na tit. strane | ||
| 504 | _aReg. Zoz. | ||
| 650 | 0 | 7 |
_akvety _2SNKPH |
| 650 | 0 | 7 |
_aaranžovanie kvetov _2SNKPH |
| 655 | 7 |
_apríručky _2SNKPH |
|
| 700 | 1 |
_aŠťastná, Dagmar _4trl |
|
| 710 | 0 |
_aDorling Kindersley London, Veľká Británia _4aut |
|
| 942 |
_2ddc _cOLDO _n0 |
||
| 999 |
_c22957 _d22957 |
||